| 000 | 00980nam a22002297a 4500 | ||
|---|---|---|---|
| 008 | 100704t2006 xxu||||gr|||| 000 0 ara d | ||
| 020 | _a9773441180 | ||
| 082 |
_222 _a260 _bش ا ذ |
||
| 100 |
_913568 _aالشاذلى ، عبد الله |
||
| 245 |
_aالالتزام الصوفى / _c.عبد الله الشاذلى |
||
| 260 |
_aالقاهرة: _bدار الأفاق العربية، _c2006. |
||
| 300 |
_a440؛ص _c24سم. |
||
| 490 |
_915770 _aموسوعة التصوف الإسلامى ؛ _v5. |
||
| 504 | _aيحتوى على إرجاعات ببليوجرافية. | ||
| 650 |
_98787 _aالتصوف الإسلامى |
||
| 650 |
_915835 _aالمراقبة و القرب |
||
| 650 |
_915836 _aالأخلاق الإسلامية |
||
| 650 |
_915837 _aالأنس |
||
| 650 |
_915838 _aالرجاء |
||
| 942 |
_2ddc _cBB |
||
| 999 |
_c14365 _d14365 |
||